000 01686cam a22002294a 4500
005 20250605164129.0
008 250528s ||||||||||||||||||||||||d
035 _a18589
020 _a333220145
040 _aGR-AtMCL
_bgre
_dGR-AtMCL
_eAACR2
245 1 _aGeneral Microbiology / Fourth Edition
250 _a4th
260 _bPrentice Hall,
_c1976
300 _a876
520 _aThis book retains the basic organization and presentation which were responsible for the success of the previous editions. Preface, The Beginnings of Microbiology, The Methods of Microbiology, The Nature of Microbial World, The Protists, The Procaryotes: An Introductory Survey, Microbial Metabolism: The Generation of ATP, Microbial Metabolism: Biosynthesis, Regulation, Microbial Growth, The Effect of Environment on Microbial Growth, The Relations Between Structure and Function in Procaryotic Cells, The Viruses, Mutation and Gene-Function at the Molecular Level, The Expression of Mutation in Viruses and Cells and Cell Populations, Genetic Recombination, The Classification of Bacteria, The Protosynthetic Procaryotes, Gram-Negative Bacteria: The Chemoautotrophs and Methylotrophs, Gram-Negative Bacteria: Aerobic Chemoheterotrophs, The Enteric Group and Related Organisms, Gram-Negative Bacteria: Myxobacteria and Other Gliding Organisms, Gram-Positive Bacteria: Unicellular Endosporeformers, Gram-Positive Bacteria: The Actinomycete Line, Nonspore-Forming Strict Anaerobes, Microorganisms as Geochemical Agents.
700 1 _aAdelberg Edward A.
_94851
700 1 _aGraham John L
_9752
700 1 _aStanier Roger Y
_94852
942 _cBK
999 _c3938
_d3938